000 00526nam a2200181 i 4500
001 49418
003 ES-MaACL
005 20230906161943.0
007 t|
008 030715s1934 fr ||||1| fre d
100 1 _aCoryn, Marjorie S.
_940972
245 1 3 _aLe chevalier d'Eon avec deux portratis /
_cMarjorie S. Coryn ; traduit de l'anglais par Leo Lack.
250 _a2eme ed.
260 _aParis :
_bMercure de France,
_c1934.
300 _a286 p. ;
_c19 cm.
700 1 _aLack, Leo.
_969370
852 _aES-MaACL
_jA-2566
999 _c49418
_d49418